=LDR 00000nam 2200000 4500 =001 INLIS000000000047020 =005 20150630090230.0 =006 =007 =008 =035 ##$$0010-061500000000109 =082 ##$$a 028.5 =090 ##$$a 028.5 pap r.4 =100 ##$$a novita n. humaira =245 ##$$a supriase =260 ##$$a dari mzan anggota kapi =300 ##$$a hln.135 =850 ##$$a NPBMAT =990 ##$$a 2090100830/BPAP-NTB/2015